000 01044nam a2200361 a 4500
001 vtls000349688
003 NLI
005 20210602164900.0
008 110113s2005 xxk e 001 0 eng
020 _a1843764148
_c£55.00
039 9 _y201101132003
_zVLOAD
040 _aNLI :
_beng
_cNLMARC21
041 0 _aeng
044 _axxk
082 0 4 _a307.76
_222
100 1 _aKresl, Peter Karl
_9325935
245 1 4 _aThe urban response to internationalization/
_cPeter Karl Kresl, Earl H. Fry
260 _aCheltenham,Glos. :
_bEdward Elgar,
_c2005
300 _ax, 232 p.;
_c24 cm.
504 _aIncludes bibliographical references and index
650 0 _aUrban economics
_973784
650 0 _aUrban impact analysis
_9512292
650 0 _aUrban policy
_952407
700 1 2 _aFry, Earl H.
_4jt.aut
_9512293
887 _amrinal sg
901 _a552226
_b24.01.06
902 _aE 307.76 K 884
904 _amrinal
905 _asg
942 _2ddc
_cBKS
949 _AVIRTUAITEM
_D10012
_X100
_6 552226
999 _aVIRTUA40
_c304530
_d304530